Handbook of bioinorganic chemistry (Record no. 394539)
[ view plain ]
| 000 -LEADER | |
|---|---|
| fixed length control field | 00505 a2200193 4500 |
| 005 - DATE & TIME | |
| control field | 20260128102133.0 |
| 008 - FIXED-LENGTH DATA ELEMENTS--GENERAL INFORMATION | |
| fixed length control field | 260127b |||||||| |||| 00| 0 eng d |
| 020 ## - ISBN | |
| International Standard Book Number | 9789383101313 |
| Price | Rs. 1900.00 |
| 040 ## - CATALOGING SOURCE | |
| Original cataloging agency | VIVEKANANDA LIBRARY |
| 082 ## - DDC NUMBER | |
| Classification number | 573.4 |
| Book Number | E59H |
| 100 ## - MAIN ENTRY--PERSONAL NAME | |
| Personal name | Ellison, Fergie |
| 245 ## - TITLE STATEMENT | |
| Title | Handbook of bioinorganic chemistry |
| 260 ## - PUBLICATION, DISTRIBUTION, ETC. (IMPRINT) | |
| Name of publisher, distributor, etc | Agrotech Press |
| Date of publication, distribution, etc | 2025 |
| Place of publication, distribution, etc | Jaipur |
| 300 ## - PHYSICAL DESCRIPTION | |
| Pages | 256 |
| 650 ## - Subject | |
| Subject | Natural Sciences |
| 650 ## - Subject | |
| Subject | Life Sciences |
| 650 ## - Subject | |
| Subject | Bioinorganic Chemistry |
| 942 ## - ADDED ENTRY ELEMENTS (KOHA) | |
| Koha item type | Books |
| Withdrawn status | Lost status | Source of classification or shelving scheme | Damaged status | Not for loan | Location (home branch) | Sublocation or collection (holding branch) | Shelving location | Date acquired | Koha issues (times borrowed) | Koha full call number | Accession No. | Koha date last seen | Koha item type |
|---|---|---|---|---|---|---|---|---|---|---|---|---|---|
| Dewey Decimal Classification | VIVEKANANDA LIBRARY | VIVEKANANDA LIBRARY | Vivekananda Library | 07/01/2026 | 573.4 E59H | 443936 | 07/01/2026 | Books | |||||
| Dewey Decimal Classification | VIVEKANANDA LIBRARY | VIVEKANANDA LIBRARY | Vivekananda Library | 07/01/2026 | 573.4 E59H | 443934 | 07/01/2026 | Books | |||||
| Dewey Decimal Classification | VIVEKANANDA LIBRARY | VIVEKANANDA LIBRARY | Vivekananda Library | 07/01/2026 | 573.4 E59H | 443935 | 07/01/2026 | Books | |||||
| Dewey Decimal Classification | VIVEKANANDA LIBRARY | VIVEKANANDA LIBRARY | Vivekananda Library | 07/01/2026 | 573.4 E59H | 443937 | 07/01/2026 | Books | |||||
| Dewey Decimal Classification | VIVEKANANDA LIBRARY | VIVEKANANDA LIBRARY | Vivekananda Library | 07/01/2026 | 573.4 E59H | 443938 | 07/01/2026 | Books |
